Piccole storie crudeli /
Guardat en:
| Autor principal: | |
|---|---|
| Format: | Llibre |
| Idioma: | italià |
| Publicat: |
Roma :
Giulio Perrone,
2010
|
| Col·lecció: | Epitighì
|
| Etiquetes: |
Sense etiquetes, Sigues el primer a etiquetar aquest registre!
|
MARC
| LEADER | 00000nam a22000007i 4500 | ||
|---|---|---|---|
| 001 | IT\ICCU\BVE\0541652 | ||
| 003 | ItRI | ||
| 005 | 20260115232126.0 | ||
| 008 | 110225s2010 it |||||| ||||| |||||c | ||
| 020 | |a 9788863161359 | ||
| 040 | |b ita |c importazione bologna sebina | ||
| 041 | 7 | |a ita |2 ISO-639-2 | |
| 100 | 1 | |a Baglio, Gaspare |0 IT\ICCU\BVEV\178264 | |
| 245 | 1 | 0 | |a Piccole storie crudeli / |c Gaspare Baglio. |
| 260 | |a Roma : |b Giulio Perrone, |c 2010 | ||
| 300 | |a 99 p. ; |c 20 cm | ||
| 500 | |a Sul dorso: Narrativa. | ||
| 830 | 0 | |a Epitighì |0 IT\ICCU\RML\0178600 | |
| 942 | |2 ddc |c BK |n 0 | ||
| 952 | |0 0 |1 0 |4 0 |6 DOC_853_920000000000000_BAG |7 0 |9 20497 |a BO |b BO |d 2026-01-15 |i 15211 |l 0 |o DOC 853.92 BAG |p BO15211 |r 2026-01-15 23:21:26 |w 2026-01-15 |x [Sebina 5] [1 v.] |y BK |z 1 v. (Con dedica dell'autore) | ||
| 999 | |c 17497 |d 17497 | ||